000 00866nas a2200265 4500
001 BR9207917
003 BR-BrBNA
005 20231205093046.0
007 ta
008 230509b bl.|||p| |||| 00| 00por d
040 _aBR-BrBNA
_bpor
_cBiblioteca Nacional de Agricultura
041 _a(Pt)
072 _aP33
100 1 _aFarias, C.A.
100 1 _aCosta, L.M. da
100 1 _aFontes, L.E.F.
245 1 _aDeterminacao do numero de repeticoes necessarias para analise de argila dispersa em agua
246 1 _aDetermination of the number of replications required to analysis water-dispersible clay
650 _aANALISE DO SOLO
650 _aARGILA
650 _aMINAS GERAIS
773 0 _tRevista Ceres (Brazil)
_xISSN 0034-737X
_g(Nov-Dec 1991), v. 38(220) p. 505-512
_wBR9207917
909 _a202311
_bLúcia
_c55
_dLúcia Elande
942 _2AGRIS
_n0
_cANA
999 _c135956
_d135956